INFOR Journal canadian journal of Operational Research and Information Processing

Gespeichert in:
Bibliographische Detailangaben
Format: Schriftenreihe
Sprache:Englisch
Veröffentlicht: Toronto University of Toronto Press
Schlagworte:
Tags: Tag hinzufügen
Keine Tags, Fügen Sie das erste Tag hinzu!

MARC

LEADER 00000nas1a22000001 4500
001 s120766
005 20041019155346.6
041 0 |a eng 
044 |a CA 
245 1 0 |a INFOR Journal  |b canadian journal of Operational Research and Information Processing 
264 1 |a Toronto  |b University of Toronto Press 
610 2 0 |a výskum operačný 
610 2 0 |a spracovanie dát